Pays commençants par la lettre B - Statistiques

Statistiques générales
  • Ce quiz a été pris 367 fois
  • Le résultat moyen est 13 sur 18
Statistiques - réponses
Pays % Correct
Belgique
92%
Bolivie
85%
Brésil
80%
Biélorussie
78%
Birmanie
77%
Bulgarie
77%
Bhoutan
76%
Belize
73%
Botswana
73%
Bahamas
72%
Bénin
71%
Burundi
71%
Bosnie-Herzégovine
68%
Bahrein
66%
Bangladesh
66%
Burkina Faso
66%
Barbade
65%
Brunei
61%
Aucun quiz correspondant
Distribution des résultats
% des personnes avec chaque résultat
Percentile par nombre de réponses
Votre historique - résultats
Vous n’avez pas pris ce quiz